| 000 | 00687nam a22002177a 4500 | ||
|---|---|---|---|
| 003 | LK-CoMWRAF | ||
| 005 | 20231115132851.0 | ||
| 008 | 231014b2000 |||||||| |||| 00| 0 eng d | ||
| 020 | _a0787942936 | ||
| 040 |
_aLK-CoMWRAF _dLK-CoMWRAF _eLK-CoMWRAF |
||
| 041 | _aeng | ||
| 082 |
_a658.422 _bTYL |
||
| 100 | _aTyler Scott, Katherine | ||
| 245 |
_aCreating caring and capable boards: _breclaiming the passion for active trusteeship |
||
| 260 |
_aSan Francisco: _bJossey-Bass, _c2000 |
||
| 300 |
_axix, 199 p. : ill. ; 24 cm _bBibliography and index included |
||
| 650 | _aNONPROFIT ORGANIZATIONS-Management | ||
| 650 | _aLeadership. | ||
| 650 | _aTrusts and trustees. | ||
| 942 | _cBK | ||
| 999 |
_c3851 _d3851 |
||